000 02094nam a2200301 a 4500
001 BRCA_2621
005 20190320203908.0
008 011208s186-----sp-a---###---#000-0dspa-u
041 _aspa
044 _asp
084 _a186
_b.A44
_c1879
100 1 _aCervantes Saavedra, Miguel de
_d1547-1616
_9213
245 1 0 _aEl Ingenioso Hidalgo D. Quijote de la Mancha
_ccompuesto por Miguel de Cervantes Saavedra.
260 _aBarcelona
_bJuan Aleu y Fugarull
_c1879
300 _a2 v.
_bil. (algunas a color)
_c32 cm.
500 _aContenido : v 1. Primera parte. Retrato de Cervantes. Observaciones sobre Cervantes y su obra. Dedicatoria del autor. Prólogo del autor. Versos preliminares. Texto. -- v 2. Segunda parte. Dedicatoria del autor. Prólogo del autor. Texto
500 _aEdición : Nueva edición conforme a la corregida y publicada por la Real Academia Española, precedida de unas observaciones sobre Cervantes y su obra maestra, por Antonio de Bofarull y Bocá, ilustrada con 100 cromos, y 200 dibujos originales de Apeles Mestres, grabados por Francisco Fusté
500 _aEdición lujosa, adornada por Apeles Mestres con el retrato de Cervantes bien ejecutado, 25 láminas al cromo y multitud de dibujos intercalados, que revelan la fecunda fantasía del afamado artista catalán. Merece aprecio el interesante estudio de Bofarull por su justo elogio del autor y su obra, así como por la acertada descripción de la realidad social y política de la época en que le tocó vivir a Cervantes. La parte tipográfica nada deja que desear. Rico papel y hermoso y grandes tipos. Semipiel; lomeras y planos decorados con filetes dorados Lúdovik Osterc
500 _aQM177
650 1 4 _aNovela española
_yÉpoca clásica, 1500-1700
_9215
650 1 4 _aLiteratura española
_yÉpoca clásica, 1500-1700
_9216
650 1 4 _aNovela española
_ySiglo XVII
_9217
650 1 4 _aDon Quijote (Personaje ficticio)
_eNovela
_9218
700 1 _aMestres, Apeles
_d1854-1936
_eIlustrador
_97475
740 0 _aEl Ingenioso Hidalgo Don Quijote de la Mancha
902 _aQFM
942 _2lcc
_cB
999 _c2361
_d2361